000 00669nam a2200205 a 4500
001 2027
005 20140414132037.0
008 040109s19uu xx 00 eng d
020 _a0-671-66606-1
050 _aTR
_bST8 1975
100 _ade Paola, Thomas Antony
245 _aStrega Nona /
_cwritten and Illustrated by Tomie Del Paola.
260 _aU.S.A :
_bAladdin paperbacks,
_c1975.
300 _av. p. : ill. ; cm.
500 _aTR/PS
520 _aWhen Strega Nona leaves him alone with her magic pasta pot, Big Anthony is determined to show the townspeople how it works.
650 _aFolklore
_xItaly.
650 _aChildren stories.
999 _c113750
_d113750